00199nam a2200061Ia 4500008004100000100001900041245007700060120527s9999 xx 000 0 und d aBARTLETT, Jane aNutrition and working efficieny of draught Bovines on a Norfolk small ho